01017nam a2200265 a 450000500170000000800410001704100080005809000140006611000360008024500360011626000510015230000140020350500250021750500260024250500490026850500280031750500230034571000840036871000960045271000350054894200150058394500150059899900150061395201230062820140115144447.0140115b1994 ck ||||| |||| 00| 0 spa d aspa aEAb00089 bInstituto Mayor Campesino94013 aBolsa de los árboles pa'comer aBogotábIMCAbCETECbCIPAVbSuna Hiscac1994 a5 afiches aAfiche 1. Matarraton aAfiche 2. Chachafruto aAfiche 3. Arboles en recurso de producción aAfiche 4. Como se usan? aAfiche 5. Nacedero a^aCorporación para el Estudio Interdisciplinario y Asesoría Técnica94014 a^aCentro para la Investigación en Sistemas Sostenibles de Producción Agropecuaria94015 a^aFundación Suna Hisca94016 cImpreso2z d2005-06-21 c4594d4594 00102z40708GENERALaVillabVillad2005-06-21l0oEA-00089p019188r2012-12-04 00:00:00tEj. 1w2012-12-04yFolleto